000 01783nam a2200337 a 4500
003 CO-PeBPR
005 20260423120137.0
008 260415e2024 ck a|||| n||| 00| 0 spa c
020 _a9786289626810
040 0 _aCO-PeBPR
_bspa
_cCO-PeBPR
_erda
041 0 _hspa
082 0 4 _a394.1 Ll791ch
100 1 _aLlano Restrepo, María Clara
_d1967
_eautora
245 1 0 _aLa chicha
_b: de bebida sagrada a veneno amarillo
_c/ Clara Llano, Marcela Campuzano ; prólogo de Roberto Pineda Camacho
250 _aEdición especial
264 1 _aBogotá, Colombia
_b: Prosa del mundo
_c, 2024
300 _a186 páginas
_b: ilustraciones a color
_c; 22 centímetros
336 _atexto
_btxt
_crdacontenido
337 _asin mediación
_bn
_2rdamedio
338 _avolumen
_bnc
_2rdasoporte
500 _aIncluye índice
520 _aEn el desarrollo de esta historia, la chicha pierde la partida y es reemplazada precisamente por la cerveza. Contrario a la percepción demonizada que se tenía de la bebida indígena, la bebida extranjera, también fermentada, fue recibida e instalada como una de las puertas de entrada a la "civilización del pueblo", la industrialización del país, la modernización de las ciudades, y al poderoso capitalismo que fue invadiendo poco a poco nuestra vida cotidiana y transformando la manera de relacionarnos y divertirnos, de beber, de encontrarnos y de perdernos.
521 _aRecomendado para jóvenes y adultos.
650 1 4 _2LEMB
_aChicha
_xHistoria
_zColombia
650 1 4 _2LEMB
_aAlimentos indígenas
_xVida social y costumbres
650 1 4 _2LEMB
_aIdentidad cultural
650 1 4 _2LEMB
_aIndustria de bebidas alcohólicas
700 1 _aCampuzano Cifuentes, Marcela
_eautora
700 1 _aPineda Camacho, Roberto
_eprologuista
942 _2ddc
_cBK
999 _c17769
_d17769